|
|
|
|
| LEADER |
00000nab a2200000 a 4500 |
| 001 |
vtls010584581 |
| 003 |
SK-MaSNL |
| 005 |
20260506053953.0 |
| 008 |
140321c1991 xo kr 000 c0ukr |
| 015 |
|
|
|a SNBRA2014/03
|
| 038 |
|
|
|a SVKPOCL
|
| 040 |
|
|
|a SVKPOCL
|b slo
|c SVKPOCL
|e AACR2
|
| 041 |
0 |
|
|a ukr
|
| 044 |
|
|
|a xo
|c SK
|
| 080 |
|
|
|a 80(=16)+908(4)
|2 2001
|
| 080 |
|
|
|a 80(=161.2)+908(477)
|2 2001
|
| 080 |
|
|
|a 398
|2 2001
|
| 080 |
|
|
|a 929 Iľko, Peter
|2 2001
|
| 080 |
|
|
|a 80(=161.25)+908(437.6)
|2 2001
|
| 080 |
|
|
|a (048.8)
|2 2001
|
| 100 |
1 |
|
|a Hirjak, Michal,
|d 1933-2007
|4 aut
|9 192510
|
| 245 |
1 |
0 |
|a Kazky Petra Il'ka
|c Mychajlo Hyrjak
|
| 600 |
1 |
7 |
|a Iľko, Peter,
|c rozprávkar
|2 svkpocl
|9 1619442
|
| 650 |
0 |
7 |
|a etnografia
|2 svkpocl
|9 950
|
| 650 |
0 |
7 |
|a rozprávkari
|2 svkpocl
|9 893877
|
| 650 |
0 |
7 |
|a osobnosti
|2 svkpocl
|9 29820
|
| 650 |
0 |
7 |
|a slavistika
|2 svkpocl
|9 4282
|
| 650 |
0 |
7 |
|a ukrajinistika
|2 svkpocl
|9 51200
|
| 650 |
0 |
7 |
|a rusinistika
|2 svkpocl
|9 90871
|
| 650 |
0 |
7 |
|a ľudová slovesnosť
|2 svkpocl
|9 67005
|
| 650 |
0 |
7 |
|a rodisko
|2 SNKPH
|9 172657
|
| 650 |
0 |
7 |
|x rodáci
|2 svkpocl
|a rodáci
|9 30842
|
| 651 |
|
7 |
|a Zakarpatska oblasť (Ukrajina)
|2 snkbucl
|9 56278
|
| 651 |
|
7 |
|a Svidník (Slovensko : okres)
|2 svkpocl
|9 28651
|
| 651 |
|
7 |
|a Bodružal (Slovensko)
|2 snkbucl
|9 51676
|
| 655 |
|
7 |
|a štúdie
|2 svkpocl
|9 57033
|
| 773 |
0 |
|
|a Hirjak, Michal, 1933-2007 [ed.]
|t Narodnyj kalendar 1992
|d Bratislava : Slovac'ke pedahohične vydavnyctvo ; Prjašiv : Viddil ukrajins'koji literatury, 1991
|g S. 128-129
|z 8008011890
|
| 852 |
|
|
|a SVKPO
|b KIS3GCP
|
| 958 |
|
|
|a UK
|
| 958 |
|
|
|a SK
|
| 958 |
|
|
|a BX
|
| 958 |
|
|
|a RN
|
| 958 |
|
|
|a SS
|
| 999 |
|
|
|c 3336628
|d 3338558
|